| 000 | 00455nam a2200181Ia 4500 | ||
|---|---|---|---|
| 001 | 3851 | ||
| 005 | 20260306145713.0 | ||
| 008 | 260306t2012||||xx |||||||||||||| ||spa|| | ||
| 041 | _aESP | ||
| 082 |
_a303.62585 _bC81 |
||
| 100 |
_aComisión Permanente de Historia del Ejército del Perú _eAUT |
||
| 245 | 0 | _aEn honor a la verdad | |
| 260 | _c2012 | ||
| 300 |
_a347 páginas : _c30 cm. |
||
| 650 | _aGEN | ||
| 654 | _aCHU | ||
| 942 |
_cLIB _dJUS _fJUS _2ddc _n |
||
| 999 |
_c3851 _d3851 |
||